[Event "11e Open International de La Fere"]
[Site "La Fere (FRA)"]
[Date "2012.07.09"]
[Round "4.50"]
[White "Gaudin, Roger"]
[Black "Louis, Andre"]
[Result "0-1"]
[WhiteElo "1506"]
[BlackElo "1709"]
[PlyCount "88"]
[EventDate "2012.??.??"]

1. d4 Nf6 2. c4 e6 3. Nc3 Bb4 4. Bg5 h6 5. Bh4 O-O 6. e4 g5 7. Bg3 Nxe4 8. Qc2
f5 9. Bd3 d5 10. h4 Nxg3 11. fxg3 Nc6 12. Nge2 dxc4 13. Bxc4 Nxd4 14. Nxd4 Qxd4
15. Bd3 Qe3+ 16. Qe2 Bxc3+ 17. bxc3 Qxg3+ 18. Kd2 g4 19. Rad1 Qf4+ 20. Kc2 a5
21. Bc4 Qe4+ 22. Qxe4 fxe4 23. Rhe1 Kg7 24. Rxe4 Rf2+ 25. Rd2 Rxd2+ 26. Kxd2 h5
27. Re5 Kf6 28. Rxh5 e5 29. Rg5 Bf5 30. g3 Rd8+ 31. Ke3 Rd1 32. Be2 Ra1 33.
Bxg4 Bxg4 34. Rxg4 Rxa2 35. h5 Rh2 36. Rg6+ Kf7 37. Rg5 Rh1 38. Kd2 Kf6 39.
Rg6+ Kf7 40. Rg5 Ke6 41. g4 a4 42. Rg6+ Kf7 43. Rg5 a3 44. h6 a2 0-1

[Event "11e Open International de La Fere"]
[Site "La Fere (FRA)"]
[Date "2012.07.10"]
[Round "5.1"]
[White "Llaneza Vega, Patricia"]
[Black "Georgiev, Vladimir"]
[Result "0-1"]
[WhiteElo "2225"]
[BlackElo "2562"]
[PlyCount "66"]
[EventDate "2012.??.??"]

1. e4 e5 2. Nf3 Nc6 3. d4 exd4 4. Nxd4 Bc5 5. Be3 Qf6 6. Nb5 Bxe3 7. fxe3 Qh4+
8. g3 Qd8 9. Qg4 g5 10. N1c3 d6 11. Qe2 Ne5 12. Qf2 c6 13. Nd4 Qf6 14. Nf5 Ne7
15. O-O-O Bxf5 16. exf5 Qxf5 17. Qxf5 Nxf5 18. e4 Ne3 19. Rxd6 Ke7 20. Rd2 h5
21. h4 gxh4 22. gxh4 Rag8 23. Bh3 Rh6 24. Ne2 Rd6 25. Rxd6 Kxd6 26. Nf4 Nf3 27.
Nxh5 Ke5 28. Bf5 Rg2 29. c3 a5 30. Bh3 Rc2+ 31. Kb1 a4 32. Ng3 Nd2+ 33. Ka1
Ndf1 0-1

[Event "11e Open International de La Fere"]
[Site "La Fere (FRA)"]
[Date "2012.07.10"]
[Round "5.2"]
[White "Jerez Perez, Alfonso"]
[Black "Godart, Francois"]
[Result "1/2-1/2"]
[WhiteElo "2407"]
[BlackElo "2317"]
[PlyCount "50"]
[EventDate "2012.??.??"]

1. e4 e6 2. d4 d5 3. e5 c5 4. c3 Nc6 5. Nf3 Qb6 6. a3 f6 7. Bd3 fxe5 8. Nxe5
Nxe5 9. dxe5 g6 10. O-O Bg7 11. Qe2 c4 12. Bc2 Bd7 13. Nd2 Ne7 14. Nf3 O-O 15.
Be3 Qc7 16. Bd4 b5 17. Rfe1 a5 18. h4 Nf5 19. g3 Rab8 20. Ng5 b4 21. axb4 axb4
22. Bxf5 Rxf5 23. Ra7 Rb7 24. Rea1 b3 25. f4 Rf8 1/2-1/2

[Event "11e Open International de La Fere"]
[Site "La Fere (FRA)"]
[Date "2012.07.10"]
[Round "5.3"]
[White "Degraeve, Jean-Marc"]
[Black "Arnaudov, G. Petar"]
[Result "1-0"]
[WhiteElo "2580"]
[BlackElo "2486"]
[PlyCount "91"]
[EventDate "2012.??.??"]

1. e4 e5 2. Nf3 Nc6 3. Bc4 Bc5 4. O-O Nf6 5. d3 O-O 6. Nbd2 a6 7. c3 d6 8. Bb3
h6 9. Re1 Ba7 10. Nf1 Be6 11. Ng3 Re8 12. h3 d5 13. exd5 Bxd5 14. Bc2 Qd7 15.
Be3 Bxe3 16. Rxe3 Re7 17. Nh4 g6 18. c4 Be6 19. Ba4 b5 20. Qf3 Ng4 21. hxg4
Bxg4 22. Qd5 bxa4 23. Nxg6 Ree8 24. Rae1 Qxd5 25. cxd5 fxg6 26. dxc6 Re6 27. f3
Bf5 28. Nxf5 gxf5 29. Rxe5 Rxc6 30. Rxf5 Rc2 31. Re4 Kh7 32. Re6 Rb8 33. Rf7+
Kg8 34. Rd7 Rcxb2 35. Rg6+ Kf8 36. Rxh6 Kg8 37. Rxa6 Rxa2 38. Rxc7 a3 39. Kh2
Kh8 40. d4 Rd8 41. d5 Kg8 42. d6 Rd2 43. d7 Kf7 44. Rxa3 Ke7 45. Raa7 Rh8+ 46.
Kg1 1-0

[Event "11e Open International de La Fere"]
[Site "La Fere (FRA)"]
[Date "2012.07.10"]
[Round "5.4"]
[White "Rouffignac, Marie"]
[Black "Rusev, Krasimir"]
[Result "0-1"]
[WhiteElo "1689"]
[BlackElo "2540"]
[PlyCount "64"]
[EventDate "2012.??.??"]

1. e4 c5 2. Nf3 d6 3. c3 Nf6 4. Be2 Bg4 5. O-O e6 6. Re1 Be7 7. d4 O-O 8. Nbd2
Nc6 9. Qc2 cxd4 10. cxd4 Rc8 11. Qb3 Qb6 12. Qxb6 axb6 13. a3 Bxf3 14. Nxf3
Nxe4 15. Bf4 d5 16. Rac1 Bd6 17. Be3 f5 18. Red1 f4 19. Bd2 Nxd2 20. Rxd2 Nxd4
21. Rxc8 Nxf3+ 22. Bxf3 Rxc8 23. g3 Kf7 24. Bg4 Rc6 25. Kg2 Kf6 26. Kf3 Rc4 27.
Bh3 g5 28. Bf1 Rc1 29. Bd3 h5 30. Rc2 g4+ 31. Ke2 f3+ 32. Kd2 Rh1 0-1

[Event "11e Open International de La Fere"]
[Site "La Fere (FRA)"]
[Date "2012.07.10"]
[Round "5.5"]
[White "Mancini, Mario"]
[Black "Mestdagh, Franck"]
[Result "1-0"]
[WhiteElo "2282"]
[BlackElo "1975"]
[PlyCount "25"]
[EventDate "2012.??.??"]

1. d4 c5 2. d5 Nf6 3. Nc3 a6 4. e4 Qc7 5. Nf3 e6 6. Bg5 Be7 7. a4 b6 8. Bc4 e5
9. Bxf6 gxf6 10. d6 Bxd6 11. Qd5 Rf8 12. O-O-O Ke7 13. Nh4 1-0

[Event "11e Open International de La Fere"]
[Site "La Fere (FRA)"]
[Date "2012.07.10"]
[Round "5.6"]
[White "Feryn, Alexandre"]
[Black "Alloui-Cros, Baptiste"]
[Result "1-0"]
[WhiteElo "2114"]
[BlackElo "1695"]
[PlyCount "99"]
[EventDate "2012.??.??"]

1. c4 Nf6 2. d4 g6 3. Nc3 Bg7 4. Nf3 O-O 5. e4 d6 6. Be2 e5 7. O-O Nc6 8. d5
Ne7 9. b4 Nh5 10. c5 f5 11. cxd6 cxd6 12. Nd2 Nf4 13. Nc4 fxe4 14. Nxe4 Nxe2+
15. Qxe2 Nxd5 16. Ncxd6 Be6 17. Nxb7 Qb6 18. Nbc5 Nf4 19. Qc2 Rac8 20. Rb1 Qa6
21. Rb2 Qb5 22. a4 Qc4 23. Re1 Qxc2 24. Rxc2 Nd3 25. Ree2 Nxb4 26. Rb2 Na6 27.
Be3 Rfd8 28. f3 Nxc5 29. Bxc5 a6 30. Bb6 Rd1+ 31. Kf2 Bc4 32. Rec2 Bh6 33. g3
Be6 34. Rxc8+ Bxc8 35. Bc7 Rc1 36. Bxe5 Bg7 37. Bxg7 Kxg7 38. Ke3 Ra1 39. Nc5
Rc1 40. Kd4 Rd1+ 41. Ke5 Kh6 42. g4 Re1+ 43. Kd6 Rd1+ 44. Ke5 Re1+ 45. Ne4 Rc1
46. Rb8 Rc2 47. Rb6 Rxh2 48. Ng3 Ra2 49. Kf6 Rh2 50. g5# 1-0

[Event "11e Open International de La Fere"]
[Site "La Fere (FRA)"]
[Date "2012.07.10"]
[Round "5.7"]
[White "Roux, Jean-Francois"]
[Black "Feryn, Benjamin"]
[Result "0-1"]
[WhiteElo "1656"]
[BlackElo "2112"]
[PlyCount "72"]
[EventDate "2012.??.??"]

1. d4 Nf6 2. c4 g6 3. Nc3 Bg7 4. e4 d6 5. f4 O-O 6. Nf3 c5 7. d5 e6 8. Be2 exd5
9. cxd5 Bg4 10. h3 Bxf3 11. Bxf3 Nbd7 12. O-O Ne8 13. Be3 Nc7 14. Qd2 b5 15. a3
a5 16. Rae1 b4 17. Nd1 Nb5 18. a4 Nd4 19. Qd3 b3 20. Nc3 Nc2 21. Rc1 Nxe3 22.
Rfe1 Nc2 23. Re2 Nb4 24. Qb1 Nb6 25. e5 Rc8 26. Bg4 Rb8 27. exd6 Qxd6 28. Ne4
Qxd5 29. Bf3 Qd3 30. Kh1 Qxb1 31. Rxb1 Nxa4 32. Nd6 Nxb2 33. Rbxb2 Bxb2 34.
Rxb2 Nd3 35. Rb1 a4 36. Nc4 Rb4 0-1

[Event "11e Open International de La Fere"]
[Site "La Fere (FRA)"]
[Date "2012.07.10"]
[Round "5.8"]
[White "Dumas, Victor"]
[Black "Ternisien, Clement"]
[Result "1-0"]
[WhiteElo "2064"]
[BlackElo "1580"]
[PlyCount "85"]
[EventDate "2012.??.??"]

1. e4 e5 2. f4 Bc5 3. Nf3 Nc6 4. Nc3 d6 5. Bb5 Bd7 6. d3 a6 7. Ba4 Nd4 8. Bxd7+
Qxd7 9. Nxd4 Bxd4 10. Qf3 Ne7 11. Rf1 Nc6 12. Ne2 O-O-O 13. c3 Bb6 14. Be3 Bxe3
15. Qxe3 f6 16. O-O-O Kb8 17. d4 Qf7 18. fxe5 dxe5 19. d5 Na7 20. c4 Rhe8 21.
Kb1 c6 22. Rd3 cxd5 23. cxd5 Qg6 24. Rc1 Qf7 25. Rb3 Rc8 26. Nc3 Rc4 27. Qb6
Rec8 28. Qxa6 Qc7 29. Qxa7+ Kxa7 30. Nb5+ Kb8 31. Nxc7 Rxc1+ 32. Kxc1 Rxc7+ 33.
Rc3 Rxc3+ 34. bxc3 Kc7 35. Kd2 Kd6 36. Kd3 Kc5 37. c4 h5 38. h3 g6 39. g4 h4
40. Kc3 b6 41. Kb3 b5 42. cxb5 Kxb5 43. a4+ 1-0

[Event "11e Open International de La Fere"]
[Site "La Fere (FRA)"]
[Date "2012.07.10"]
[Round "5.9"]
[White "Pruvost, Alain"]
[Black "Barbaut, Michel"]
[Result "0-1"]
[WhiteElo "1604"]
[BlackElo "2032"]
[PlyCount "30"]
[EventDate "2012.??.??"]

1. b4 e5 2. b5 d5 3. Bb2 Bd6 4. c4 c6 5. a4 Nf6 6. e3 O-O 7. cxd5 cxd5 8. Nf3
Bg4 9. Be2 Nbd7 10. Nd4 exd4 11. Bxg4 Ne5 12. Be2 dxe3 13. fxe3 Ne4 14. Ba3
Qh4+ 15. g3 Nxg3 0-1

[Event "11e Open International de La Fere"]
[Site "La Fere (FRA)"]
[Date "2012.07.10"]
[Round "5.10"]
[White "Derigny, Philippe"]
[Black "Degraeve, Thomas"]
[Result "1-0"]
[WhiteElo "1977"]
[BlackElo "1432"]
[PlyCount "75"]
[EventDate "2012.??.??"]

1. e4 e5 2. Nf3 Nc6 3. d4 exd4 4. Nxd4 Nxd4 5. Qxd4 Ne7 6. Nc3 Nc6 7. Qd1 Bb4
8. Bd2 O-O 9. a3 Ba5 10. Bd3 d6 11. O-O Be6 12. Nd5 Bxd2 13. Qxd2 Bxd5 14. exd5
Ne5 15. f4 Nxd3 16. Qxd3 f5 17. Qd4 Qf6 18. Qxf6 Rxf6 19. Rfe1 Kf8 20. Re3 Re8
21. Rae1 Rxe3 22. Rxe3 Rf7 23. Rb3 c6 24. dxc6 bxc6 25. Kf2 Re7 26. Rc3 c5 27.
Rd3 Re6 28. Rb3 Re4 29. g3 a5 30. Rb8+ Kf7 31. Rb7+ Kf6 32. c3 h5 33. Rd7 Re6
34. Ra7 Re7 35. Rxa5 Rb7 36. b4 cxb4 37. cxb4 Ke6 38. Ke3 1-0

[Event "11e Open International de La Fere"]
[Site "La Fere (FRA)"]
[Date "2012.07.10"]
[Round "5.11"]
[White "Gomes, Alexis"]
[Black "Bardoux, Thierry"]
[Result "1-0"]
[WhiteElo "1607"]
[BlackElo "2157"]
[PlyCount "47"]
[EventDate "2012.??.??"]

1. d4 Nf6 2. Nf3 g6 3. Bg5 Bg7 4. Nbd2 c5 5. c3 cxd4 6. cxd4 d5 7. e3 O-O 8.
Bd3 Nc6 9. a3 Re8 10. O-O e5 11. Bb5 e4 12. Ne5 Qb6 13. Qb3 Na5 14. Qa4 Rd8 15.
b4 a6 16. Be2 Nc6 17. Nxc6 bxc6 18. Nb3 h6 19. Bh4 g5 20. Bg3 Bf8 21. Qa5 Qxa5
22. Nxa5 Bd7 23. Rfc1 Rdc8 24. Rc2 1-0

[Event "11e Open International de La Fere"]
[Site "La Fere (FRA)"]
[Date "2012.07.10"]
[Round "5.12"]
[White "Cazacu, Gabriela"]
[Black "Forthofer, Robert"]
[Result "0-1"]
[WhiteElo "1814"]
[BlackElo "2259"]
[PlyCount "68"]
[EventDate "2012.??.??"]

1. d4 Nf6 2. c4 e6 3. Nc3 Bb4 4. a3 Bxc3+ 5. bxc3 c5 6. e3 O-O 7. Bd3 d5 8.
cxd5 exd5 9. Ne2 Nc6 10. O-O Re8 11. Ng3 Be6 12. Re1 Rc8 13. Bb2 Na5 14. f3
cxd4 15. cxd4 Nc4 16. Rb1 b5 17. Kh1 Qb6 18. Re2 Bd7 19. e4 dxe4 20. fxe4 Bg4
21. e5 Nd5 22. Nf5 Nf4 23. Bxc4 bxc4 24. Ba1 Bxe2 25. Rxb6 Bxd1 26. Rb7 c3 27.
Ne7+ Rxe7 28. Rxe7 c2 29. Bb2 Nd3 30. Bc1 Nxc1 31. d5 Nd3 32. d6 c1=Q 33. h3
Bh5+ 34. Kh2 Qf4+ 0-1

[Event "11e Open International de La Fere"]
[Site "La Fere (FRA)"]
[Date "2012.07.10"]
[Round "5.13"]
[White "Thomas, Olivier"]
[Black "Vandervorst, Marc"]
[Result "1-0"]
[WhiteElo "1998"]
[BlackElo "1833"]
[PlyCount "121"]
[EventDate "2012.??.??"]

1. e4 e5 2. Nc3 Bc5 3. Bc4 d6 4. d3 c6 5. Bb3 Qf6 6. Qf3 b5 7. Qg3 Qg6 8. Qxg6
hxg6 9. h3 Na6 10. a3 Nc7 11. f4 Ne6 12. fxe5 dxe5 13. Nf3 f6 14. Ne2 Bb6 15.
c3 c5 16. a4 bxa4 17. Bxa4+ Bd7 18. Bxd7+ Kxd7 19. Be3 Ne7 20. Kd2 Rhd8 21. Kc2
Ke8 22. Nd2 g5 23. Nc4 Nf4 24. Nxf4 gxf4 25. Bf2 Rab8 26. Ra6 Nc8 27. Rb1 Nd6
28. Nxd6+ Rxd6 29. b4 c4 30. dxc4 Rbd8 31. Be1 Be3 32. Rxd6 Rxd6 33. Ra1 Rc6
34. c5 a6 35. Kd3 Kd7 36. Bd2 Bxd2 37. Kxd2 Ke6 38. Kd3 g5 39. Kc4 f5 40. exf5+
Kxf5 41. Kd5 Rc8 42. c6 e4 43. Kd6 f3 44. gxf3 exf3 45. Kd7 Rh8 46. c7 Kf4 47.
Rxa6 f2 48. Rf6+ Kg3 49. c8=Q Rxc8 50. Kxc8 Kg2 51. b5 f1=Q 52. Rxf1 Kxf1 53.
b6 Kg2 54. b7 Kxh3 55. b8=Q g4 56. Qf4 g3 57. c4 g2 58. Qg5 Kh2 59. c5 g1=Q 60.
Qxg1+ Kxg1 61. c6 1-0

[Event "11e Open International de La Fere"]
[Site "La Fere (FRA)"]
[Date "2012.07.10"]
[Round "5.14"]
[White "Waquet, Frederic"]
[Black "Picart, Alban"]
[Result "1-0"]
[WhiteElo "1966"]
[BlackElo "1820"]
[PlyCount "97"]
[EventDate "2012.??.??"]

1. e4 e6 2. d4 c6 3. f4 d5 4. e5 a6 5. Nf3 c5 6. c3 Nc6 7. a3 Bd7 8. b4 cxd4 9.
cxd4 Na7 10. Bd3 Qb6 11. Nc3 Qc7 12. Bb2 Ne7 13. Rc1 Qb6 14. O-O a5 15. Na4
Bxa4 16. Qxa4+ Nec6 17. b5 Ne7 18. Bc3 Nac8 19. Bd2 f5 20. Rc2 h6 21. Rfc1 g6
22. Bb4 Qd8 23. Bd2 b6 24. Rc7 Ra7 25. R7c3 Bg7 26. Qc2 O-O 27. h4 Kh7 28. Kh1
Re8 29. Be1 Rb7 30. g3 Qd7 31. a4 Rg8 32. Bd2 Re8 33. Kg2 Rf8 34. Rh1 h5 35.
Ng5+ Kg8 36. Be2 Bh6 37. Bc1 Kg7 38. Ba3 Re8 39. Rc1 Bxg5 40. hxg5 Kf7 41. Kh3
Rd8 42. Qd1 Rh8 43. Kh4 Kg7 44. R1c2 Re8 45. Qc1 Kg8 46. Rc6 Ra7 47. Bxe7 Nxe7
48. Rxb6 Rb7 49. Rd6 1-0

[Event "11e Open International de La Fere"]
[Site "La Fere (FRA)"]
[Date "2012.07.10"]
[Round "5.15"]
[White "Mataigne, Jean-Michel"]
[Black "Obert, Julien"]
[Result "1/2-1/2"]
[WhiteElo "2008"]
[BlackElo "1810"]
[PlyCount "55"]
[EventDate "2012.??.??"]

1. e4 e6 2. d4 d5 3. e5 c5 4. c3 Nc6 5. Nf3 Qb6 6. a3 Nh6 7. b4 cxd4 8. cxd4
Nf5 9. Bb2 Be7 10. Nc3 Nfxd4 11. Nxd4 Qxd4 12. Qxd4 Nxd4 13. Nxd5 exd5 14. Bxd4
a5 15. b5 Bf5 16. Be2 Kd7 17. g4 Be4 18. f3 Bc2 19. Kd2 Rhc8 20. h4 Bb3 21. Bd3
g6 22. h5 Bc4 23. hxg6 hxg6 24. f4 Bxd3 25. Kxd3 Rc4 26. f5 gxf5 27. gxf5 Rg8
28. Rh3 1/2-1/2

[Event "11e Open International de La Fere"]
[Site "La Fere (FRA)"]
[Date "2012.07.10"]
[Round "5.16"]
[White "Paillard, Maximilien"]
[Black "Sobry, Sebastien"]
[Result "0-1"]
[WhiteElo "1741"]
[BlackElo "2039"]
[PlyCount "72"]
[EventDate "2012.??.??"]

1. Nf3 Nf6 2. d3 c5 3. g3 d5 4. Bg2 Nc6 5. O-O g6 6. Nbd2 Bg7 7. e4 dxe4 8.
Nxe4 Nxe4 9. dxe4 Qxd1 10. Rxd1 Bg4 11. Rd2 O-O 12. c3 h6 13. h3 Be6 14. Kf1
Na5 15. Ke1 b5 16. Rc2 Nc4 17. Nh2 Rac8 18. f4 b4 19. Nf1 Rfd8 20. Bd2 Nxb2 21.
Rb1 Nd3+ 22. Ke2 Bc4 23. Ke3 Ba6 24. e5 f6 25. cxb4 Nxb4 26. Bxb4 Bd3 27. Rxc5
Bxb1 28. Bd5+ Kf8 29. exf6 Bxf6 30. Ra5 Bc3 31. Bxc3 Rxc3+ 32. Kd4 Rc1 33. Ne3
e6 34. Rxa7 exd5 35. Ng4 Rc4+ 36. Ke5 Re4+ 0-1

[Event "11e Open International de La Fere"]
[Site "La Fere (FRA)"]
[Date "2012.07.10"]
[Round "5.17"]
[White "Soriano, Jean-Claude"]
[Black "Vekemans, Denis"]
[Result "1-0"]
[WhiteElo "1730"]
[BlackElo "1980"]
[PlyCount "43"]
[EventDate "2012.??.??"]

1. d4 Nf6 2. Nf3 c5 3. c3 e6 4. Qc2 Nc6 5. e4 Qb6 6. e5 Nd5 7. Be3 cxd4 8. Bxd4
Nxd4 9. cxd4 d6 10. a3 Bd7 11. Be2 Rc8 12. Qd2 Nf4 13. Qxf4 Qxb2 14. O-O Qxa1
15. Ng5 Qa2 16. Bg4 Rc6 17. Qxf7+ Kd8 18. Bxe6 Bxe6 19. Nxe6+ Qxe6 20. Qxe6
dxe5 21. Qxe5 Be7 22. Qb8+ 1-0

[Event "11e Open International de La Fere"]
[Site "La Fere (FRA)"]
[Date "2012.07.10"]
[Round "5.18"]
[White "Brugge, Bruno"]
[Black "Koechler, Thomas"]
[Result "1-0"]
[WhiteElo "1735"]
[BlackElo "1960"]
[PlyCount "89"]
[EventDate "2012.??.??"]

1. c4 e5 2. Nc3 Nc6 3. g3 f5 4. e3 Nf6 5. Bg2 e4 6. d3 Bb4 7. Nge2 d5 8. cxd5
Nxd5 9. dxe4 fxe4 10. Bxe4 Be6 11. Bd2 Nf6 12. Bg2 Qd7 13. a3 Ba5 14. b4 Bb6
15. O-O Rd8 16. Bc1 Qf7 17. Qa4 Bd7 18. Qc2 O-O 19. Na4 Ng4 20. Nxb6 axb6 21.
Nf4 Bf5 22. Qa2 Kh8 23. Qxf7 Rxf7 24. e4 Bc8 25. h3 Nge5 26. Bb2 Nc4 27. Bc3
Kg8 28. Rfe1 Ne7 29. e5 g5 30. Nh5 Rd3 31. Rac1 Nxa3 32. e6 Rff3 33. Bxf3 Rxf3
34. Nf6+ Kg7 35. Nd5+ Kf8 36. Nxc7 Nb1 37. Be5 Nd2 38. Red1 Rd3 39. Bf6 Rd6 40.
Bc3 Ne4 41. Rxd6 Nxd6 42. Rd1 Nef5 43. g4 Ne4 44. gxf5 Nxc3 45. Rd8+ 1-0

[Event "11e Open International de La Fere"]
[Site "La Fere (FRA)"]
[Date "2012.07.10"]
[Round "5.19"]
[White "Jimenez, Martin"]
[Black "Caloone, Thomas"]
[Result "1-0"]
[WhiteElo "1953"]
[BlackElo "1660"]
[PlyCount "119"]
[EventDate "2012.??.??"]

1. d4 c5 2. e3 d5 3. Nf3 Nc6 4. b3 e6 5. Bd3 Nf6 6. Nbd2 cxd4 7. exd4 Bd6 8.
Bb2 Qc7 9. a3 O-O 10. Qe2 e5 11. dxe5 Re8 12. O-O Nxe5 13. Nxe5 Bxe5 14. Bxe5
Rxe5 15. Qf3 Bg4 16. Qf4 Rae8 17. h3 Bh5 18. g4 Bg6 19. Bxg6 hxg6 20. Nf3 R5e7
21. Qxc7 Rxc7 22. Nd4 Rc3 23. f3 Ree3 24. Rf2 a6 25. Kf1 Nd7 26. Re1 Ne5 27.
Rxe3 Rxe3 28. Re2 Rxe2 29. Kxe2 g5 30. Ke3 Ng6 31. Ne2 Ne5 32. f4 gxf4+ 33.
Nxf4 Kf8 34. Nxd5 Ke8 35. Nf4 Kd7 36. Ke4 Kd6 37. Nd3 Nd7 38. g5 g6 39. c4 b6
40. b4 a5 41. bxa5 bxa5 42. Kd4 f6 43. c5+ Kc7 44. h4 fxg5 45. hxg5 Kc6 46.
Ne5+ Nxe5 47. Kxe5 Kxc5 48. Kf6 Kc4 49. Kxg6 Kb3 50. Kh7 Kxa3 51. g6 Kb2 52. g7
a4 53. g8=Q a3 54. Qb8+ Ka1 55. Qe5+ Kb1 56. Qb5+ Ka1 57. Qf1+ Kb2 58. Qe2+ Kb3
59. Qd1+ Kb2 60. Qd2+ 1-0

[Event "11e Open International de La Fere"]
[Site "La Fere (FRA)"]
[Date "2012.07.10"]
[Round "5.20"]
[White "Merbeth, Paul"]
[Black "Husson, Cybele"]
[Result "1/2-1/2"]
[WhiteElo "1718"]
[BlackElo "1937"]
[PlyCount "78"]
[EventDate "2012.??.??"]

1. e4 Nf6 2. e5 Nd5 3. d4 d6 4. c4 Nb6 5. Nf3 Bg4 6. exd6 exd6 7. Be2 Be7 8.
O-O O-O 9. b3 d5 10. c5 Nc8 11. Na3 b6 12. b4 a5 13. cxb6 Nxb6 14. b5 c6 15.
Rb1 cxb5 16. Nxb5 Na6 17. Bf4 Nc4 18. Nc3 Bb4 19. Na4 Re8 20. Nb2 Rc8 21. Nd3
Qf6 22. Be5 Qc6 23. Bf4 f6 24. Rc1 Re4 25. Bg3 Rce8 26. Nxb4 Nxb4 27. Bxc4 dxc4
28. Rc3 Re2 29. Qc1 Nxa2 30. Rxc4 Nxc1 31. Rxc6 Bxf3 32. Rcxc1 Bg4 33. d5 Rd8
34. Rfd1 Rb2 35. f3 Bf5 36. d6 a4 37. Rc3 Kf7 38. Rc7+ Kg6 39. Ra7 Bd7 1/2-1/2

[Event "11e Open International de La Fere"]
[Site "La Fere (FRA)"]
[Date "2012.07.10"]
[Round "5.21"]
[White "Le Kouaghet, Euen"]
[Black "Rech, Thomas"]
[Result "1-0"]
[WhiteElo "1920"]
[BlackElo "1390"]
[PlyCount "62"]
[EventDate "2012.??.??"]

1. c4 e5 2. Nc3 Nf6 3. e4 Nc6 4. f4 exf4 5. Nf3 Bc5 6. d4 Bb4 7. Bd3 d6 8. O-O
Bg4 9. Ne2 O-O 10. a3 Nxd4 11. axb4 Ne6 12. h3 Bxf3 13. Rxf3 c5 14. b5 Nd7 15.
Bxf4 Nxf4 16. Nxf4 Qf6 17. Qc2 Qd4+ 18. Kh1 Ne5 19. Ne2 Nxf3 20. Nxd4 Nxd4 21.
Qf2 a6 22. Qg3 Rfd8 23. Qh4 g6 24. bxa6 bxa6 25. Rxa6 Rxa6 26. Qxd8+ Kg7 27.
Kh2 Ne6 28. Qb8 Nf4 29. e5 dxe5 30. Qxe5+ Rf6 31. Be4 Ne6 1-0

[Event "11e Open International de La Fere"]
[Site "La Fere (FRA)"]
[Date "2012.07.10"]
[Round "5.22"]
[White "Nicolas, Christian"]
[Black "Urbaniak, Patrick"]
[Result "1-0"]
[WhiteElo "1716"]
[BlackElo "1918"]
[PlyCount "127"]
[EventDate "2012.??.??"]

1. e4 c5 2. Nc3 Nc6 3. g3 Nf6 4. Bg2 e5 5. d3 d6 6. Nge2 Be7 7. O-O a6 8. Bg5
Be6 9. Qd2 Nd4 10. f4 O-O 11. f5 Bd7 12. h3 Nxe4 13. Bxe7 Nxd2 14. Bxd8 Nxf1
15. Be7 Ne3 16. Bxd6 Ndxc2 17. Rc1 Rfe8 18. Bxb7 Ra7 19. Be4 Bb5 20. Bxc5 Rd7
21. Nxb5 axb5 22. Kf2 Rd4 23. Nxd4 exd4 24. Bxd4 Nxd4 25. Kxe3 Nxf5+ 26. Kf2
Nd4 27. g4 g6 28. Ke3 Ne6 29. h4 Kg7 30. Kf2 Kf6 31. Rc6 Ke5 32. Kg3 f5 33.
gxf5 gxf5 34. Bg2 f4+ 35. Kf2 Rf8 36. Be4 h6 37. Rb6 Nd4 38. Rxh6 Rc8 39. Rh5+
Kf6 40. Rh6+ Kg7 41. Rg6+ Kf7 42. Rg2 Rc1 43. h5 Rc2+ 44. Kg1 Rc1+ 45. Kh2 Kf6
46. h6 Rc8 47. h7 f3 48. Rg8 Rc2+ 49. Kh3 f2 50. h8=Q+ Ke7 51. Rf8 Ne6 52. Rxf2
Rxf2 53. Qh4+ Rf6 54. Kg3 Nd4 55. Qh5 Ne6 56. Qxb5 Rf1 57. a4 Rg1+ 58. Kf2 Rg4
59. Bf5 Rf4+ 60. Kg3 Rd4 61. Bxe6 Kxe6 62. Qb6+ Rd6 63. Qxd6+ Kxd6 64. b4 1-0

[Event "11e Open International de La Fere"]
[Site "La Fere (FRA)"]
[Date "2012.07.10"]
[Round "5.23"]
[White "Van Poucke, Anthony"]
[Black "Molet, Asher"]
[Result "1-0"]
[WhiteElo "1611"]
[BlackElo "1844"]
[PlyCount "43"]
[EventDate "2012.??.??"]

1. e4 c5 2. Nc3 Nc6 3. g3 Nf6 4. Bg2 g6 5. d3 Bg7 6. f4 d6 7. Nge2 Qc7 8. Be3
a6 9. Qd2 Bd7 10. O-O e6 11. e5 dxe5 12. Bxc5 exf4 13. Nxf4 Ne5 14. Ba3 Bc6 15.
Rae1 Bxg2 16. Qxg2 O-O-O 17. Ne4 Nxe4 18. Rxe4 f5 19. Rb4 Rhe8 20. Re1 g5 21.
Rxe5 Qxe5 22. Qxb7# 1-0

[Event "11e Open International de La Fere"]
[Site "La Fere (FRA)"]
[Date "2012.07.10"]
[Round "5.25"]
[White "Poulain, Andre"]
[Black "Durot, Edwige"]
[Result "0-1"]
[WhiteElo "1806"]
[BlackElo "1713"]
[PlyCount "54"]
[EventDate "2012.??.??"]

1. e4 c5 2. Nc3 a6 3. f4 b5 4. Nf3 Bb7 5. d3 e6 6. e5 d6 7. Be2 Qc7 8. O-O Nd7
9. exd6 Bxd6 10. Ne4 Bxe4 11. dxe4 Bxf4 12. Bxf4 Qxf4 13. Kh1 Ngf6 14. Nd2 Qe5
15. a4 Rb8 16. axb5 axb5 17. Bf3 Qxb2 18. Nb3 O-O 19. Na5 Rfc8 20. Nc6 Rxc6 21.
e5 Rcc8 22. exf6 Nxf6 23. Ra7 Rd8 24. Rb7 Qd4 25. Qxd4 cxd4 26. Rxb8 Rxb8 27.
Rd1 e5 0-1

[Event "11e Open International de La Fere"]
[Site "La Fere (FRA)"]
[Date "2012.07.10"]
[Round "5.26"]
[White "Brobecker, Alain"]
[Black "Voiculescu-Holvad, Stefan"]
[Result "1/2-1/2"]
[WhiteElo "1793"]
[BlackElo "1390"]
[PlyCount "58"]
[EventDate "2012.??.??"]

1. c4 Nf6 2. g3 e6 3. Bg2 d5 4. d3 dxc4 5. Qa4+ Nbd7 6. dxc4 c6 7. Nf3 Bd6 8.
O-O h6 9. Rd1 Qc7 10. Qc2 O-O 11. Be3 Rd8 12. c5 Be7 13. b4 Ne5 14. Nc3 Nxf3+
15. Bxf3 Nd5 16. Nxd5 exd5 17. Bd4 Be6 18. a4 Rd7 19. Qc3 f6 20. Bh5 Bf7 21.
Bg4 Rdd8 22. Qf3 Be8 23. e4 dxe4 24. Qxe4 Bf7 25. Be3 Qe5 26. Qc2 Rxd1+ 27.
Rxd1 Rd8 28. Rxd8+ Bxd8 29. Bc8 b6 1/2-1/2

[Event "11e Open International de La Fere"]
[Site "La Fere (FRA)"]
[Date "2012.07.10"]
[Round "5.27"]
[White "Paris, Pierre-Julien"]
[Black "De Brouwere, Johan"]
[Result "1-0"]
[WhiteElo "1592"]
[BlackElo "1786"]
[PlyCount "127"]
[EventDate "2012.??.??"]

1. e4 e5 2. Nf3 Nf6 3. Nxe5 d6 4. Nf3 Nxe4 5. d4 d5 6. Bd3 Be7 7. O-O Nc6 8. c3
Bg4 9. Nbd2 Nf6 10. Qc2 Bh5 11. Re1 Bg6 12. Nh4 Bxd3 13. Qxd3 g6 14. Nhf3 O-O
15. Ne5 Nxe5 16. dxe5 Nh5 17. Nf3 Qd7 18. Nd4 Ng7 19. Bh6 Rfe8 20. Bxg7 Kxg7
21. e6 fxe6 22. Nxe6+ Kg8 23. Nf4 c6 24. Nxg6 Bf6 25. Nh4 Be5 26. Qh3 Qf7 27.
Nf3 Bg7 28. g3 d4 29. cxd4 Bxd4 30. Qg4+ Bg7 31. b3 Kh8 32. Rxe8+ Rxe8 33. Re1
Rxe1+ 34. Nxe1 h6 35. Kg2 Qd5+ 36. Nf3 Qa5 37. Qc8+ Kh7 38. Qxb7 Qxa2 39. Qxc6
Qxb3 40. Qe4+ Kh8 41. Qa8+ Kh7 42. Qxa7 Qd5 43. Qc7 Qe4 44. Qd7 Qa8 45. g4 Qe4
46. Kg3 Kh8 47. Qd6 Qe2 48. Qf4 Kh7 49. h4 Qb5 50. g5 hxg5 51. hxg5 Qd3 52. Kg4
Qe2 53. Qf5+ Kg8 54. Kg3 Qc4 55. g6 Qc7+ 56. Qf4 Qe7 57. Kg4 Qe2 58. Kg3 Qe7
59. Qc4+ Kh8 60. Qc8+ Qf8 61. Qxf8+ Bxf8 62. Nh4 Kg7 63. f4 Kf6 64. Kg4 1-0

[Event "11e Open International de La Fere"]
[Site "La Fere (FRA)"]
[Date "2012.07.10"]
[Round "5.28"]
[White "Vekemans, Sylvain"]
[Black "Galoppa, Antoine"]
[Result "1-0"]
[WhiteElo "1779"]
[BlackElo "1190"]
[PlyCount "61"]
[EventDate "2012.??.??"]

1. c4 c5 2. Nc3 Nc6 3. g3 g6 4. Bg2 Bg7 5. Nf3 Nf6 6. O-O O-O 7. d3 d6 8. Bd2
Bd7 9. Rb1 Rb8 10. a3 a6 11. b4 Bg4 12. b5 Nd4 13. Nxd4 cxd4 14. Ne4 axb5 15.
cxb5 Nxe4 16. Bxe4 Bh3 17. Re1 e6 18. a4 d5 19. Bh1 Qb6 20. a5 Qd6 21. Bb4 Qc7
22. Bxf8 Bxf8 23. Qa4 Qe5 24. a6 bxa6 25. bxa6 Qc7 26. Rxb8 Qxb8 27. a7 Qa8 28.
Rb1 Bd6 29. Qd7 Be5 30. Qb7 Qxb7 31. Rxb7 1-0